Mi enemigo envejece / (Record no. 86685)

MARC details
000 -LEADER
campo de control de longitud fija 00496nam a2200169 i 4500
001 - NÚMERO DE CONTROL
campo de control 86685
003 - IDENTIFICADOR DE NÚMERO DE CONTROL
campo de control ES-MaACL
005 - FECHA Y HORA DE LA ÚLTIMA TRANSACCIÓN
campo de control 20230906175513.0
007 - CAMPO FIJO DE DESCRIPCIÓN FÍSICA--INFORMACIÓN GENERAL
campo de control de longitud fija t|
008 - DATOS DE LONGITUD FIJA--INFORMACIÓN GENERAL
campo de control de longitud fija 041215s1960 sp ||||1| spa d
100 1# - ENTRADA PRINCIPAL--NOMBRE DE PERSONA
Nombre de persona King, Alexander.
9 (RLIN) 68048
245 10 - MENCIÓN DEL TÍTULO
Título Mi enemigo envejece /
Mención de responsabilidad, etc. Alexander King ; traducción por Pedro Maynó Castilla.
250 ## - MENCION DE EDICION
Mención de edición 1ª ed.
260 ## - PUBLICACIÓN, DISTRIBUCIÓN, ETC.
Lugar de publicación, distribución, etc. [Barcelona :
Nombre del editor, distribuidor, etc. Grijalbo,
Fecha de publicación, distribución, etc. 1960] (
Fabricante Mariano Galve)
300 ## - DESCRIPCIÓN FÍSICA
Extensión 354 p. ;
Dimensiones 20 cm.
852 ## - LOCALIZACIÓN
Ubicación ES-MaACL
Número de control de estantería C-19676
Sublocalización o colección R.46573
Holdings
Estatus retirado Estado de pérdida Estado de daño No para préstamo Biblioteca de origen Biblioteca actual Ubicación en estantería Fecha de adquisición Fuente de adquisición Total de préstamos Signatura topográfica completa Código de barras Visto por última vez Precio de reemplazo Tipo de ítem Koha
        Biblioteca del Ateneo de Madrid Biblioteca del Ateneo de Madrid Galería 17/01/2008     C-19676 1090574 23/02/2023 23/02/2023 Libro impreso